Дело по предписанию господина директора с препровождением предписания господина министра о соблюдении командируемыми по делам сл...

Доступно только в Электронных читальных залах Найти на картеНа карте
RUSMARC
00003902nmc2a22000003x 450
001dde8b764-812d-4535-8b6d-e9b7ebd44bd9
00520181228061649.0
100##$a20170703l18481848k l0rusy0189 ca
1010#$arus
102##$aRU
2001#$aДело по предписанию господина директора с препровождением предписания господина министра о соблюдении командируемыми по делам службы чиновниками в губернии или уезды с обязанностью проезжать на проселочные дороги по установленным с 1824 года для воинских чинов правилам
$j3 апреля 1848 г.
251##$cДело
300##$aПо Санкт-Петербургской дирекции за 1848 год
300##$aДело
801#0$aRU
$bРГИА
$c20170703
$gRCR
801#1$aRU
$bГлавНИВЦ
$c20170703
$2rusmarc
801#2$aRU
$bПБ им. Б.Н. Ельцина
$c20181228
$gRCR
$2rusmarc
850##$aРГИА
852##$aРГИА
$eФедеральное казенное учреждение "Российский государственный исторический архив" (РГИА)
$j11796
937##$hРГИА
$d12247276
$aASBIBLIO_SCAN
462#0$1001dd3991dc-24e1-42ec-8838-ca4255420416
$12001
$a1746-1850 гг.
$1251
$cОпись
$1852
$j1
461#0$10019264ebf8-de62-4f1a-9eb4-9f22098dbbd5
$12001
$aДирекция императорских театров МИДв
$1251
$cФонд
$1852
$j497
215##$a4 л.
$d36,5х26 см
371##$aДокумент не является опубликованным и широко распространяемым
105##$ay###
1220#$ad
035##$adde8b764-812d-4535-8b6d-e9b7ebd44bd9
856##$uhttp://readingroom.main.prlib.ru/item.aspx?id_node=n122616785&mode=full
Формат отображения